logo

Bir Sreshtho Munshi Abdur Rouf Library
Jhenaidah Cadet College

Charles Darwin / (Record no. 9583)

MARC details
000 -LEADER
fixed length control field 00525nam a22002177a 4500
001 - CONTROL NUMBER
JCCL Control Number 9583
003 - CONTROL NUMBER IDENTIFIER
JCCL marc code BD-JhCC
005 - DATE AND TIME OF LATEST TRANSACTION
control field 20180319200117.0
008 - FIXED-LENGTH DATA ELEMENTS--GENERAL INFORMATION
fixed length control field 180319s1967 U p|||| |||| 00| 0 eng d
035 ## - SYSTEM CONTROL NUMBER
system control number (BD-JhCC) 9583
040 ## - CATALOGING SOURCE
Original cataloging agency BD-JhCC
Modifying agency BD-JhCC
041 ## - LANGUAGE CODE
Language code of Book eng
082 ## - DEWEY DECIMAL CLASSIFICATION NUMBER
Classification number 925
Author mark and Year OLB 1967
100 ## - MAIN ENTRY--PERSONAL NAME
Personal name Olby, Robett
245 ## - TITLE STATEMENT
Title Charles Darwin /
Statement of responsibility, etc Robett Olby
260 ## - PUBLICATION, DISTRIBUTION, ETC. (IMPRINT)
Place of publication, distribution, etc London :
Name of publisher, distributor, etc Oxford University Press
Date of publication, distribution, etc 1967
300 ## - PHYSICAL DESCRIPTION
Pagination 64 P :
Other physical details Ill
Dimensions 20 cm
650 ## - SUBJECT ADDED ENTRY--TOPICAL TERM
Topical term or geographic name as entry element Biography
942 ## - ADDED ENTRY ELEMENTS (KOHA)
Source of classification or shelving scheme Dewey Decimal Classification
Koha item type Books
Holdings
Source of classification or shelving scheme Damaged status Not for loan Home library Current library Shelving location Total Checkouts Full call number Barcode Date last seen Copy number Koha item type
Dewey Decimal Classification     JCC Rouf Library JCC Rouf Library General Stacks   925 DAR 1967 12650 03/19/2018 C-1 Books

JCC Library | Contacts | JCC Home

Last Update on 23 September 2017
Copyright @ 2017-2020 JCC Rouf Library
Rouf Library, Jhenidah Cadet College (JCC), Bangladesh